000 01203nam a22003014a 4500
001 ebr5002320
003 CaPaEBR
006 m u
007 cr cn|||||||||
008 000425s2000 caua sb 001 0 eng
010 _z 00033262
020 _z0833026046 (hbk.)
020 _z0833026011 (pbk.)
040 _aCaPaEBR
_cCaPaEBR
035 _a(OCoLC)70768994
050 1 4 _aKF8896
_b.C528 2000eb
082 0 4 _a347.73/53
_221
245 0 0 _aClass action dilemmas
_h[electronic resource] :
_bpursuing public goals for private gain /
_cDeborah R. Hensler ... [et al.].
260 _aSanta Monica, CA :
_bRand,
_c2000.
300 _axxiv, 609 p. :
_bill.
504 _aIncludes bibliographical references and index.
533 _aElectronic reproduction.
_bPalo Alto, Calif. :
_cebrary,
_d2013.
_nAvailable via World Wide Web.
_nAccess may be limited to ebrary affiliated libraries.
650 0 _aClass actions (Civil procedure)
_zUnited States.
655 7 _aElectronic books.
_2local
700 1 _aHensler, Deborah R.,
_d1942-
710 2 _aebrary, Inc.
856 4 0 _uhttp://site.ebrary.com/lib/rucke/Doc?id=5002320
_zAn electronic book accessible through the World Wide Web; click to view
999 _c1697
_d1697